Sam Rockwell Movies - Statistics

General Stats
  • This quiz has been taken 22 times
    6 since last reset
  • The average score is 21 of 74
Answer Stats
Hint Answer % Correct
2002 Confessions of a Dangerous Mind
100%
2008 Choke
80%
2012 Seven Psychopaths
80%
1999 The Green Mile
80%
2017 Three Billboards Outside Ebbing, Missouri
80%
2013 A Single Shot
60%
2014 Better Living Through Chemistry
60%
2000 Charlie's Angels
60%
1989 Clownhouse
60%
2010 Conviction
60%
2009 G-Force
60%
2019 Jojo Rabbit
60%
2014 Laggies
60%
1997 Lawn Dogs
60%
2003 Matchstick Men
60%
2009 Moon
60%
2015 Mr. Right
60%
2005 The Hitchhiker's Guide to the Galaxy
60%
2009 The Winning Season
60%
2002 Welcome to Collinwood
60%
2011 Cowboys & Aliens
40%
2009 Everybody's Fine
40%
1999 Galaxy Quest
40%
2010 Iron Man 2
40%
2007 Joshua
40%
2005 Piccadilly Jim
40%
2015 Poltergeist
40%
2019 Richard Jewell
40%
1990 Teenage Mutant Ninja Turtles
40%
2007 The Assassination of Jesse James by the Coward Robert Ford
40%
2013 The Way Way Back
40%
2020 Trolls World Tour
40%
2018 Vice
40%
2017 Axis
20%
2018 Blue Iguana
20%
1996 Box of Moon Light
20%
2015 Don Verdean
20%
2008 Frost/Nixon
20%
2009 Gentlemen Broncos
20%
2018 Mute
20%
2007 Snow Angels
20%
2019 The Best of Enemies
20%
2005 The F Word
20%
2020 The One and Only Ivan
20%
2011 The Sitter
20%
2017 Woman Walks Ahead
20%
2002 13 Moons
0%
2013 A Case of You
0%
1999 A Midsummer Night's Dream
0%
1997 Arresting Gena
0%
1996 Basquiat
0%
2018 Blaze
0%
1998 Celebrity
0%
2015 Digging for Fire
0%
1995 Drunks
0%
1995 Glory Daze
0%
1992 Happy Hell Night
0%
2001 Heist
0%
1992 In the Soup
0%
1992 Jack and His Friends
0%
1998 Jerry and Tom
0%
1989 Last Exit to Brooklyn
0%
1992 Light Sleeper
0%
2014 Loitering with Intent
0%
1998 Louis & Frank
0%
2001 Made
0%
1995 Mercy
0%
2001 Pretzel
0%
1998 Safe Men
0%
1994 Somebody to Love
0%
1991 Strictly Business
0%
1998 The Call Back
0%
1994 The Search for One-eye Jimmy
0%
2013 Trust Me
0%
No matching quizzes found
Score Distribution
Percent of People with Each Score
Percentile by Number Answered
Your Score History
You have not taken this quiz since the last reset